{"text_format":"3","workbook":"xlsx","n_sheets":1,"sheets":["t380"],"read":"whole","date_system":"1900"}

{"sheet":"t380","index":0,"n_rows":168,"n_cols":7,"rows_kept":168,"merged":[[0,0,0,6],[30,0,30,5],[46,0,46,5],[147,0,147,5]]}
["TABELA 380.1 - Estatísticas Agrícolas, Município de Onda Verde, Estado de São Paulo, 2007/08."]
["ITEM","UNIDADE","N.DE UPAs","MÍNIMO","MÉDIO","MÁXIMO","TOTAL"]
["Distância à sede do município","km",174,{"v":1,"d":"1.0"},{"v":9.98,"d":"10.0"},{"v":23,"d":"23.0"},"-"]
["Área total","hectare",174,0.5,{"v":136.41,"d":"136.4"},{"v":3500,"d":"3,500.0"},{"v":23736,"d":"23,736.0"}]
["Área com cultura perene","hectare",30,{"v":1,"d":"1.0"},{"v":116.31,"d":"116.3"},{"v":2189.5,"d":"2,189.5"},{"v":3489.4,"d":"3,489.4"}]
["Área com cultura temporária","hectare",127,0.1,{"v":95.77,"d":"95.8"},577.4,{"v":12163.2,"d":"12,163.2"}]
["Área com pastagem","hectare",122,0.1,{"v":37.89,"d":"37.9"},909.9,{"v":4622.5,"d":"4,622.5"}]
["Área com reflorestamento","hectare",11,0.2,{"v":2.03,"d":"2.0"},3.6,22.3]
["Área com vegetação natural","hectare",71,0.2,{"v":22.84,"d":"22.8"},846.5,{"v":1621.3,"d":"1,621.3"}]
["Área com vegetação de brejo e várzea","hectare",105,0.1,{"v":10.45,"d":"10.5"},{"v":80,"d":"80.0"},{"v":1096.9,"d":"1,096.9"}]
["Área em descanso","hectare",2,{"v":2,"d":"2.0"},{"v":223,"d":"223.0"},{"v":444,"d":"444.0"},{"v":446,"d":"446.0"}]
["Área complementar","hectare",129,0.1,{"v":2.13,"d":"2.1"},39.1,274.4]
["Área das UPAs com (0, 1] ha","hectare",1,0.5,0.5,0.5,0.5]
["Área das UPAs com (1, 2] ha","hectare",3,1.1,{"v":1.53,"d":"1.5"},{"v":2,"d":"2.0"},4.6]
["Área das UPAs com (2, 5] ha","hectare",20,2.1,{"v":4.09,"d":"4.1"},{"v":5,"d":"5.0"},81.7]
["Área das UPAs com (5, 10] ha","hectare",20,5.2,{"v":7.28,"d":"7.3"},{"v":10,"d":"10.0"},145.6]
["Área das UPAs com (10, 20] ha","hectare",15,{"v":12,"d":"12.0"},{"v":15.34,"d":"15.3"},18.1,230.1]
["Área das UPAs com (20, 50] ha","hectare",33,20.3,{"v":30.33,"d":"30.3"},45.9,{"v":1000.9,"d":"1,000.9"}]
["Área das UPAs com (50, 100] ha","hectare",23,50.8,{"v":76.81,"d":"76.8"},99.2,{"v":1766.7,"d":"1,766.7"}]
["Área das UPAs com (100, 200] ha","hectare",24,104.7,{"v":154.19,"d":"154.2"},194.9,{"v":3700.6,"d":"3,700.6"}]
["Área das UPAs com (200, 500] ha","hectare",26,{"v":202,"d":"202.0"},{"v":295.11,"d":"295.1"},{"v":460,"d":"460.0"},{"v":7672.8,"d":"7,672.8"}]
["Área das UPAs com (500, 1.000] ha","hectare",6,500.2,{"v":579.78,"d":"579.8"},780.4,{"v":3478.7,"d":"3,478.7"}]
["Área das UPAs com (1.000, 2.000] ha","hectare",2,{"v":1064.8,"d":"1,064.8"},{"v":1076.9,"d":"1,076.9"},{"v":1089,"d":"1,089.0"},{"v":2153.8,"d":"2,153.8"}]
["Área das UPAs com (2.000, 5.000] ha","hectare",1,{"v":3500,"d":"3,500.0"},{"v":3500,"d":"3,500.0"},{"v":3500,"d":"3,500.0"},{"v":3500,"d":"3,500.0"}]
["Área das UPAs com (5.000, 10.000] ha","hectare","-","-","-","-","-"]
["Área das UPAs acima de 10.000 ha","hectare","-","-","-","-","-"]
["Familiares do proprietário que trabalham na UPA","unidade",97,{"v":1,"d":"1.0"},{"v":1.55,"d":"1.6"},{"v":5,"d":"5.0"},{"v":150,"d":"150.0"}]
["Trabalhadores permanentes","unidade",73,{"v":1,"d":"1.0"},{"v":2.36,"d":"2.4"},{"v":17,"d":"17.0"},{"v":172,"d":"172.0"}]
["Fonte: Secretaria de Agricultura e Abastecimento, CDRS/IEA, Projeto LUPA."]
[]
["TABELA 380.2 - Explorações Animais, Município de Onda Verde, Estado de São Paulo, 2007/08."]
["ITEM","UNIDADE","N.DE UPAs","MÍNIMO","MÉDIO","MÁXIMO","TOTAL"]
["Apicultura","colmeias",12,{"v":1,"d":"1.0"},{"v":9.08,"d":"9.1"},{"v":50,"d":"50.0"},{"v":109,"d":"109.0"}]
["Asininos E Muares","cabeças",6,{"v":1,"d":"1.0"},{"v":1.83,"d":"1.8"},{"v":4,"d":"4.0"},{"v":11,"d":"11.0"}]
["Avicultura de Corte","cabeças/ano",2,{"v":45000,"d":"45,000.0"},{"v":76500,"d":"76,500.0"},{"v":108000,"d":"108,000.0"},{"v":153000,"d":"153,000.0"}]
["Bovinocultura de Corte","cabeças",15,{"v":5,"d":"5.0"},{"v":213.67,"d":"213.7"},{"v":818,"d":"818.0"},{"v":3205,"d":"3,205.0"}]
["Bovinocultura Leiteira","cabeças",13,{"v":10,"d":"10.0"},{"v":34.85,"d":"34.9"},{"v":97,"d":"97.0"},{"v":453,"d":"453.0"}]
["Bovinocultura Mista","cabeças",65,{"v":1,"d":"1.0"},{"v":22.18,"d":"22.2"},{"v":100,"d":"100.0"},{"v":1442,"d":"1,442.0"}]
["Equinocultura","cabeças",73,{"v":1,"d":"1.0"},{"v":3.68,"d":"3.7"},{"v":48,"d":"48.0"},{"v":269,"d":"269.0"}]
["Minhocultura","canteiros",2,{"v":8,"d":"8.0"},{"v":9,"d":"9.0"},{"v":10,"d":"10.0"},{"v":18,"d":"18.0"}]
["Outra Exploração Animal","cabeças",57,{"v":2,"d":"2.0"},{"v":54.46,"d":"54.5"},{"v":400,"d":"400.0"},{"v":3104,"d":"3,104.0"}]
["Ovinocultura","cabeças",22,{"v":3,"d":"3.0"},{"v":84.95,"d":"85.0"},{"v":800,"d":"800.0"},{"v":1869,"d":"1,869.0"}]
["Piscicultura","m² tanques",4,{"v":100,"d":"100.0"},{"v":6125,"d":"6,125.0"},{"v":20000,"d":"20,000.0"},{"v":24500,"d":"24,500.0"}]
["Suinocultura","cabeças",48,{"v":1,"d":"1.0"},{"v":10.75,"d":"10.8"},{"v":50,"d":"50.0"},{"v":516,"d":"516.0"}]
["Fonte: Secretaria de Agricultura e Abastecimento, CDRS/IEA, Projeto LUPA."]
[]
["TABELA 380.3 -  Máquinas, Implementos e Benfeitorias, Município de Onda Verde, Estado de São Paulo, 2007/08."]
["ITEM","UNIDADE","N.DE UPAs","MÍNIMO","MÉDIO","MÁXIMO","TOTAL"]
["Arado Comum (Bacia, Aiveca)","Unidade",48,{"v":1,"d":"1.0"},{"v":1.65,"d":"1.7"},{"v":8,"d":"8.0"},{"v":79,"d":"79.0"}]
["Arado Subsolador","Unidade",12,{"v":1,"d":"1.0"},{"v":1.08,"d":"1.1"},{"v":2,"d":"2.0"},{"v":13,"d":"13.0"}]
["Batedeira de Cereais","Unidade",6,{"v":1,"d":"1.0"},{"v":1.17,"d":"1.2"},{"v":2,"d":"2.0"},{"v":7,"d":"7.0"}]
["Carregadeira de Cana","Unidade",3,{"v":1,"d":"1.0"},{"v":8,"d":"8.0"},{"v":17,"d":"17.0"},{"v":24,"d":"24.0"}]
["Colhedeira Acoplada","Unidade",1,{"v":1,"d":"1.0"},{"v":1,"d":"1.0"},{"v":1,"d":"1.0"},{"v":1,"d":"1.0"}]
["Computador","Unidade",10,{"v":1,"d":"1.0"},1.8,{"v":4,"d":"4.0"},{"v":18,"d":"18.0"}]
["Conj.Irrigação Autopropelido","Unidade",1,{"v":8,"d":"8.0"},{"v":8,"d":"8.0"},{"v":8,"d":"8.0"},{"v":8,"d":"8.0"}]
["Conj.Irrigação Convencional","Unidade",6,{"v":1,"d":"1.0"},{"v":1,"d":"1.0"},{"v":1,"d":"1.0"},{"v":6,"d":"6.0"}]
["Conj.Irrigação Pivot Central","Unidade",1,{"v":1,"d":"1.0"},{"v":1,"d":"1.0"},{"v":1,"d":"1.0"},{"v":1,"d":"1.0"}]
["Conj.Irrigação/Gotejamento/Microaspersão","Unidade",2,{"v":1,"d":"1.0"},{"v":1,"d":"1.0"},{"v":1,"d":"1.0"},{"v":2,"d":"2.0"}]
["Conjunto de Fenação","Unidade",1,{"v":1,"d":"1.0"},{"v":1,"d":"1.0"},{"v":1,"d":"1.0"},{"v":1,"d":"1.0"}]
["Desintegrador de Palha (Plantio Direto)","Unidade",1,{"v":1,"d":"1.0"},{"v":1,"d":"1.0"},{"v":1,"d":"1.0"},{"v":1,"d":"1.0"}]
["Desintegrador, Picador, Triturador","Unidade",65,{"v":1,"d":"1.0"},{"v":1.05,"d":"1.1"},{"v":2,"d":"2.0"},{"v":68,"d":"68.0"}]
["Distribuidor de Calcário","Unidade",25,{"v":1,"d":"1.0"},{"v":1.44,"d":"1.4"},{"v":6,"d":"6.0"},{"v":36,"d":"36.0"}]
["Ensiladeira","Unidade",9,{"v":1,"d":"1.0"},{"v":1.11,"d":"1.1"},{"v":2,"d":"2.0"},{"v":10,"d":"10.0"}]
["Grade Aradora (Tipo Romi)","Unidade",22,{"v":1,"d":"1.0"},{"v":1.64,"d":"1.6"},{"v":9,"d":"9.0"},{"v":36,"d":"36.0"}]
["Grade Niveladora","Unidade",49,{"v":1,"d":"1.0"},{"v":1.41,"d":"1.4"},{"v":6,"d":"6.0"},{"v":69,"d":"69.0"}]
["Implementos para Tração Animal","Unidade",6,{"v":1,"d":"1.0"},{"v":1,"d":"1.0"},{"v":1,"d":"1.0"},{"v":6,"d":"6.0"}]
["Microtrator","Unidade",2,{"v":1,"d":"1.0"},{"v":1,"d":"1.0"},{"v":1,"d":"1.0"},{"v":2,"d":"2.0"}]
["Misturador de Ração","Unidade",2,{"v":1,"d":"1.0"},{"v":1,"d":"1.0"},{"v":1,"d":"1.0"},{"v":2,"d":"2.0"}]
["Ordenhadeira Mecânica","Unidade",11,{"v":1,"d":"1.0"},{"v":1,"d":"1.0"},{"v":1,"d":"1.0"},{"v":11,"d":"11.0"}]
["Pulverizador Tratorizado","Unidade",28,{"v":1,"d":"1.0"},{"v":2.11,"d":"2.1"},{"v":15,"d":"15.0"},{"v":59,"d":"59.0"}]
["Resfriador de Leite, Tanque Expansão","Unidade",11,{"v":1,"d":"1.0"},{"v":1.09,"d":"1.1"},{"v":2,"d":"2.0"},{"v":12,"d":"12.0"}]
["Semeadeira/Adubadeira para Plantio Convencional","Unidade",19,{"v":1,"d":"1.0"},{"v":1,"d":"1.0"},{"v":1,"d":"1.0"},{"v":19,"d":"19.0"}]
["Semeadeira/Plantadeira Plantio Direto","Unidade",1,{"v":1,"d":"1.0"},{"v":1,"d":"1.0"},{"v":1,"d":"1.0"},{"v":1,"d":"1.0"}]
["Terraceador","Unidade",5,{"v":1,"d":"1.0"},1.4,{"v":3,"d":"3.0"},{"v":7,"d":"7.0"}]
["Trator de Pneus","Unidade",55,{"v":1,"d":"1.0"},2.6,{"v":30,"d":"30.0"},{"v":143,"d":"143.0"}]
["Açude/Represa","Unidade",91,{"v":1,"d":"1.0"},{"v":2.02,"d":"2.0"},{"v":8,"d":"8.0"},{"v":184,"d":"184.0"}]
["Almoxarifado/Oficina","Unidade",10,{"v":1,"d":"1.0"},1.2,{"v":2,"d":"2.0"},{"v":12,"d":"12.0"}]
["Armazém para Grãos Ensacados","Sacas",4,{"v":1,"d":"1.0"},1.5,{"v":3,"d":"3.0"},{"v":6,"d":"6.0"}]
["Balança para Bovinos","Unidade",7,{"v":1,"d":"1.0"},{"v":1,"d":"1.0"},{"v":1,"d":"1.0"},{"v":7,"d":"7.0"}]
["Balança para Veículos","Unidade",1,{"v":2,"d":"2.0"},{"v":2,"d":"2.0"},{"v":2,"d":"2.0"},{"v":2,"d":"2.0"}]
["Barracão para Bicho da Seda/Sirgaria","Unidade",1,{"v":1,"d":"1.0"},{"v":1,"d":"1.0"},{"v":1,"d":"1.0"},{"v":1,"d":"1.0"}]
["Barracão para Cultivo de Cogumelo","Unidade",1,{"v":1,"d":"1.0"},{"v":1,"d":"1.0"},{"v":1,"d":"1.0"},{"v":1,"d":"1.0"}]
["Barracão para Granja/Avicultura","Unidade",3,{"v":1,"d":"1.0"},{"v":2,"d":"2.0"},{"v":3,"d":"3.0"},{"v":6,"d":"6.0"}]
["Barracão/Galpão/Garagem","Unidade",57,{"v":1,"d":"1.0"},{"v":1.14,"d":"1.1"},{"v":5,"d":"5.0"},{"v":65,"d":"65.0"}]
["Casa de Moradia Habitada","Unidade",110,{"v":1,"d":"1.0"},{"v":1.75,"d":"1.8"},{"v":19,"d":"19.0"},{"v":193,"d":"193.0"}]
["Casa de Moradia Total","Unidade",126,{"v":1,"d":"1.0"},{"v":2.26,"d":"2.3"},{"v":27,"d":"27.0"},{"v":285,"d":"285.0"}]
["Curral/Mangueira","Unidade",103,{"v":1,"d":"1.0"},{"v":1.01,"d":"1.0"},{"v":2,"d":"2.0"},{"v":104,"d":"104.0"}]
["Depósito/Tulha","Unidade",72,{"v":1,"d":"1.0"},{"v":1.11,"d":"1.1"},{"v":4,"d":"4.0"},{"v":80,"d":"80.0"}]
["Fábrica de Ração","Unidade",1,{"v":1,"d":"1.0"},{"v":1,"d":"1.0"},{"v":1,"d":"1.0"},{"v":1,"d":"1.0"}]
["Instalações para Equinos","Unidade",1,{"v":1,"d":"1.0"},{"v":1,"d":"1.0"},{"v":1,"d":"1.0"},{"v":1,"d":"1.0"}]
["Máquina de Benefício","Unidade",2,{"v":1,"d":"1.0"},{"v":1,"d":"1.0"},{"v":1,"d":"1.0"},{"v":2,"d":"2.0"}]
["Packing House","Unidade",1,{"v":1,"d":"1.0"},{"v":1,"d":"1.0"},{"v":1,"d":"1.0"},{"v":1,"d":"1.0"}]
["Pocilga","Unidade",69,{"v":1,"d":"1.0"},{"v":1.28,"d":"1.3"},{"v":7,"d":"7.0"},{"v":88,"d":"88.0"}]
["Poço Semi-Artesiano","Unidade",89,{"v":1,"d":"1.0"},{"v":1.12,"d":"1.1"},{"v":4,"d":"4.0"},{"v":100,"d":"100.0"}]
["Silo para Silagem","t",3,{"v":1,"d":"1.0"},{"v":817,"d":"817.0"},{"v":2400,"d":"2,400.0"},{"v":2451,"d":"2,451.0"}]
["Usina de Açúcar/destilaria","Unidade",1,{"v":1,"d":"1.0"},{"v":1,"d":"1.0"},{"v":1,"d":"1.0"},{"v":1,"d":"1.0"}]
["Fonte: Secretaria de Agricultura e Abastecimento, CDRS/IEA, Projeto LUPA."]
[]
["TABELA 380.4 - Outras Estatísticas Agrícolas, Município de Onda Verde, Estado de São Paulo, 2007/08."]
["ITEM","Número de UPAs",null,"Percentual"]
["Faz Parte de Associação de Produtores",125,null,{"v":71.83908045977012,"d":"71.8"}]
["Faz Parte de Cooperativa de Produtores",70,null,{"v":40.229885057471265,"d":"40.2"}]
["Faz Parte do Sindicato de Produtores",81,null,{"v":46.55172413793103,"d":"46.6"}]
["Não utiliza assistência técnica ",87,null,{"v":50,"d":"50.0"}]
["Utiliza somente assistência técnica governamental ",44,null,{"v":25.28735632183908,"d":"25.3"}]
["Utiliza somente assistência técnica privada ",25,null,{"v":14.367816091954023,"d":"14.4"}]
["Utiliza assistência técnica tanto governamental quanto privada",18,null,{"v":10.344827586206895,"d":"10.3"}]
["Utiliza Crédito Rural",23,null,{"v":13.218390804597702,"d":"13.2"}]
["Utiliza Seguro Rural",10,null,{"v":5.74712643678161,"d":"5.7"}]
["Utiliza Escrituração Agrícola",110,null,{"v":63.2183908045977,"d":"63.2"}]
["Acessa Internet p/ Fins na Agropecuária",56,null,{"v":32.18390804597701,"d":"32.2"}]
["Utiliza Computador nas Atividades Agropecuárias",43,null,{"v":24.712643678160916,"d":"24.7"}]
["Utiliza Energia Elétrica Para Uso na Atividade Agrícola",141,null,{"v":81.03448275862068,"d":"81.0"}]
["Realiza Análise de Solo, quando necessário",109,null,{"v":62.64367816091954,"d":"62.6"}]
["Utiliza Práticas de Conservação de Solo, quando necessário",158,null,{"v":90.80459770114942,"d":"90.8"}]
["Faz Adubação Mineral, quando necessário",126,null,{"v":72.41379310344827,"d":"72.4"}]
["Faz Adubação Orgânica, quando necessário",29,null,{"v":16.666666666666668,"d":"16.7"}]
["Faz Adubação Verde, quando necessário",8,null,{"v":4.597701149425287,"d":"4.6"}]
["Utiliza Manejo Integrado de Pragas (MIP)",2,null,{"v":1.1494252873563218,"d":"1.1"}]
["Utiliza Hidroponia","-",null,"-"]
["Utiliza Plasticultura","-",null,"-"]
["Utiliza Mudas Fiscalizadas",8,null,{"v":4.597701149425287,"d":"4.6"}]
["Utiliza Semente Melhorada",36,null,{"v":20.68965517241379,"d":"20.7"}]
["Faz Confinamento de Bovinos",2,null,{"v":1.1494252873563218,"d":"1.1"}]
["Utiliza Pastejo Intensivo",18,null,{"v":10.344827586206895,"d":"10.3"}]
["Faz Inseminação Artificial",6,null,{"v":3.4482758620689657,"d":"3.4"}]
["Faz Mineralização do Rebanho",95,null,{"v":54.59770114942528,"d":"54.6"}]
["Faz Vermifugação do Rebanho",93,null,{"v":53.44827586206896,"d":"53.4"}]
["Possui Parceiros /Arrendatários na Exploração Animal",61,null,{"v":35.05747126436781,"d":"35.1"}]
["Esporte e lazer","-",null,"-"]
["Extração mineral","-",null,"-"]
["Hotel Fazenda, Pousada ou SPA","-",null,"-"]
["Pesque-pague","-",null,"-"]
["Restaurante ou Lanchonete","-",null,"-"]
["Transformação artesanal","-",null,"-"]
["Turismo rural ou ecoturismo","-",null,"-"]
["Outras atividades econômicas rurais","-",null,"-"]
["Agroindústria","-",null,"-"]
["Proprietário sem instrução ou com instrução incompleta",6,null,{"v":3.4482758620689657,"d":"3.4"}]
["Proprietário com antigo primário completo",44,null,{"v":25.28735632183908,"d":"25.3"}]
["Proprietário com 1° grau (ou antigo ginasial) completo",11,null,{"v":6.32183908045977,"d":"6.3"}]
["Proprietário com 2° grau (ou antigo colegial) completo",37,null,{"v":21.26436781609195,"d":"21.3"}]
["Proprietário com curso superior completo ",67,null,{"v":38.50574712643678,"d":"38.5"}]
["Pessoa Jurídica",9,null,{"v":5.172413793103449,"d":"5.2"}]
["Proprietário residente na própria UPA ",43,null,{"v":24.712643678160916,"d":"24.7"}]
["Fonte: Secretaria de Agricultura e Abastecimento, CDRS/IEA, Projeto LUPA."]
[]
["TABELA 380.5 - Área Cultivada, Município de Onda Verde, Estado de São Paulo, 2007/08."]
["CULTURA","N.DE UPAs","MÍNIMO","MÉDIO","MÁXIMO","TOTAL"]
["Cana-de-acucar",113,0.1,104.7,577.4,{"v":11831.4,"d":"11,831.4"}]
["Braquiaria",119,0.1,36.5,907.9,{"v":4343.4,"d":"4,343.4"}]
["Laranja",9,{"v":7,"d":"7.0"},{"v":334.17,"d":"334.2"},{"v":2185.5,"d":"2,185.5"},{"v":3007.5,"d":"3,007.5"}]
["Seringueira",18,2.7,{"v":22.54,"d":"22.5"},110.6,405.7]
["Coloniao",8,0.3,{"v":28.79,"d":"28.8"},{"v":193,"d":"193.0"},230.3]
["Milho",17,0.5,{"v":13.36,"d":"13.4"},{"v":100,"d":"100.0"},227.2]
["Milho-silagem",18,0.3,{"v":5.62,"d":"5.6"},{"v":20,"d":"20.0"},101.2]
["Urucum (ou urucu)",1,60.5,60.5,60.5,60.5]
["Gramas",10,0.4,{"v":4.29,"d":"4.3"},{"v":20,"d":"20.0"},42.9]
["Eucalipto",11,0.2,{"v":2.03,"d":"2.0"},3.6,22.3]
["Coco-da-baia",5,{"v":1,"d":"1.0"},{"v":1.64,"d":"1.6"},{"v":3,"d":"3.0"},8.2]
["Capim-napier (ou capim-elefante)",10,0.1,{"v":0.59,"d":"0.6"},{"v":2,"d":"2.0"},5.9]
["Manga",2,1.5,{"v":1.75,"d":"1.8"},{"v":2,"d":"2.0"},3.5]
["Mandioca",3,0.3,1.1,{"v":2,"d":"2.0"},3.3]
["Viveiro de seringueira",1,{"v":2,"d":"2.0"},{"v":2,"d":"2.0"},{"v":2,"d":"2.0"},{"v":2,"d":"2.0"}]
["Jabuticaba",1,{"v":1,"d":"1.0"},{"v":1,"d":"1.0"},{"v":1,"d":"1.0"},{"v":1,"d":"1.0"}]
["Uva fina",1,{"v":1,"d":"1.0"},{"v":1,"d":"1.0"},{"v":1,"d":"1.0"},{"v":1,"d":"1.0"}]
["Alface",1,0.1,0.1,0.1,0.1]
["Fonte: Secretaria de Agricultura e Abastecimento, CDRS/IEA, Projeto LUPA."]